Cấu trúc vốn và hiệu quả hoạt động của các doanh nghiệp kinh doanh thiết bị & vật liệu xây dựng niêm yết trên thị trường chứng khoán Việt Nam : Luận văn tốt nghiệp Cao học. Chuyên ngành Tài chính ngân hàng
Đề tài đánh giá khái quát về thực trạng, ảnh hưởng của cấu trúc vốn và hiệu quả hoạt động của các doanh nghiệp kinh doanh thiết bị & vật liệu xây dựng niêm yết trên thị trường chứng khoán Việt Nam, đề xuất một số giải pháp về ca...
Zapisane w:
| 1. autor: | |
|---|---|
| Format: | Książka |
| Język: | Undetermined |
| Wydane: |
Cần Thơ
Trường Đại học Cần Thơ
2014
|
| Hasła przedmiotowe: | |
| Etykiety: |
Dodaj etykietę
Nie ma etykietki, Dołącz pierwszą etykiete!
|
| Thư viện lưu trữ: | Trung tâm Học liệu Trường Đại học Cần Thơ |
|---|
| LEADER | 01499nam a2200217Ia 4500 | ||
|---|---|---|---|
| 001 | CTU_195947 | ||
| 008 | 210402s9999 xx 000 0 und d | ||
| 082 | |a 332.642 | ||
| 082 | |b T120 | ||
| 088 | |a 60340201 | ||
| 100 | |a Dương, Hoàng Tâm | ||
| 245 | 0 | |a Cấu trúc vốn và hiệu quả hoạt động của các doanh nghiệp kinh doanh thiết bị & vật liệu xây dựng niêm yết trên thị trường chứng khoán Việt Nam : | |
| 245 | 0 | |b Luận văn tốt nghiệp Cao học. Chuyên ngành Tài chính ngân hàng | |
| 245 | 0 | |c Dương Hoàng Tâm ; Trần Ái Kết (Cán bộ hướng dẫn) | |
| 260 | |a Cần Thơ | ||
| 260 | |b Trường Đại học Cần Thơ | ||
| 260 | |c 2014 | ||
| 520 | |a Đề tài đánh giá khái quát về thực trạng, ảnh hưởng của cấu trúc vốn và hiệu quả hoạt động của các doanh nghiệp kinh doanh thiết bị & vật liệu xây dựng niêm yết trên thị trường chứng khoán Việt Nam, đề xuất một số giải pháp về cấu trúc vốn nhằm nâng cao hiệu quả hoạt động đối với các doanh nghiệp kinh doanh thiết bị và vật liệu xây dựng. | ||
| 650 | |a Thị trường chứng khoán,Stock exchanges | ||
| 910 | |a Hải | ||
| 980 | |a Trung tâm Học liệu Trường Đại học Cần Thơ | ||